000 00506nam a2200157 a 4500
001 000026962
005 20200930030521.0
008 110328s1981 dr 000 0 spa d
040 _aDO-SdBNP
_bspa
_cBNPHU
082 _axxx
_bP644h
100 1 _aPimentel, Miguel A.
_954054
245 1 0 _aHostos y el positivismo en Santo Domingo :
_b(filosofía y política) /
_cMiguel A. Pimentel.
260 _aSanto Domingo :
_bDepartamento de filosofía de la UASD,
_c1981.
300 _a99 P. ;
_c23 cm.
049 _aBNPD
999 _c26454
_d26454